JTEC panel report on nuclear povwer in Japan

Salvato in:
Dettagli Bibliografici
Natura: Libro
Lingua:Undetermined
Pubblicazione: Baltimore International Technology Research Institute 1990
Soggetti:
Tags: Aggiungi Tag
Nessun Tag, puoi essere il primo ad aggiungerne! !
Thư viện lưu trữ: Trung tâm Học liệu Trường Đại học Cần Thơ
LEADER 00521nam a2200181Ia 4500
001 CTU_99184
008 210402s9999 xx 000 0 und d
082 |a 338.4 
082 |b J89/1990 
245 0 |a JTEC panel report on nuclear povwer in Japan 
245 0 |c K. F. Hansen ... [et al.] 
260 |a Baltimore 
260 |b International Technology Research Institute 
260 |c 1990 
650 |a Technology transfer 
650 |z Japan 
904 |i Giang 
980 |a Trung tâm Học liệu Trường Đại học Cần Thơ